Handling Qualitative Data. (Record no. 348721)
[ view plain ]
| 000 -LEADER | |
|---|---|
| fixed length control field | 00342 a2200133 4500 |
| 082 ## - DEWEY DECIMAL CLASSIFICATION NUMBER | |
| Classification number | 300.723 |
| 090 ## - LOCALLY ASSIGNED LC-TYPE CALL NUMBER (OCLC); LOCAL CALL NUMBER (RLIN) | |
| -- | 6356 |
| -- | 6356 |
| 100 ## - MAIN ENTRY--PERSONAL NAME | |
| Personal name | Richards Lyn. |
| 245 ## - TITLE STATEMENT | |
| Title | Handling Qualitative Data. |
| Remainder of title | A Practical Guide. |
| Statement of responsibility, etc. | Richards Lyn. |
| 260 ## - PUBLICATION, DISTRIBUTION, ETC. | |
| Place of publication, distribution, etc. | London. |
| Name of publisher, distributor, etc. | Sage. |
| Date of publication, distribution, etc. | 2005. |
| 300 ## - PHYSICAL DESCRIPTION | |
| Extent | 207p. |
| 500 ## - GENERAL NOTE | |
| General note | Paper cover. |
| 942 ## - ADDED ENTRY ELEMENTS (KOHA) | |
| Institution code [OBSOLETE] | NBS |
| Koha item type | Book |
| Call number prefix | 300.723 LYN |
| Withdrawn status | Lost status | Damaged status | Not for loan | Permanent Location | Current Location | Date acquired | Total Checkouts | Total Renewals | Full call number | Barcode | Date last seen | Date last checked out | Price effective from | Koha item type |
|---|---|---|---|---|---|---|---|---|---|---|---|---|---|---|
| Central Library (CL) | Central Library (CL) | 08/28/2013 | 1 | 2 | 300.723 LYN | NBS6502 | 11/18/2020 | 07/20/2017 | 08/28/2013 | Book |
